000 00747caa a22002417a 4500
999 _c408487
_d408487
001 122280
003 UA-OsUOA
005 20200104233130.0
007 ta
008 20170424b un ||||| |||| 00| 0 ukr d
040 _aUA-OsUOA
_bukr
_cUA-OsUOA
_dUA-OsUOA
041 _aukr
080 _a908
090 _a908
_bШ37
100 _aШевчук С.
245 _aУ карбах пам'яті народної
_cС. Шевчук
300 _aС. 45–47
650 7 _a908 Краєзнавство
_2UDC
773 0 _0316423
_9330477
_dРівне Азалія 1996
_o72246
_tШевченкові верстви
_w(UA-OsUOA) 30022
942 _cBKA
_2udc
955 _a2